Normal view
MARC view
- Malovrh, Paul A.,
Entry Personal Name
001 - CONTROL NUMBER
- control field: 44835
003 - CONTROL NUMBER IDENTIFIER
- control field: OSt
005 - DATE AND TIME OF LATEST TRANSACTION
- control field: 20220329160136.0
008 - FIXED-LENGTH DATA ELEMENTS
- fixed length control field: 220329|| aca||aabn | a|a d
040 ## - CATALOGING SOURCE
- Original cataloging agency: OSt
- Transcribing agency: OSt
100 ## - HEADING--PERSONAL NAME
- Personal name: Malovrh, Paul A.,
- Relator term: editor.
670 ## - SOURCE DATA FOUND
- Source citation: Work cat.: (OSt)0: The handbook of advanced proficiency in second language acquisition /, ©2020.
